Life in harmony, into the future: (Registro nro. 9084)
[ vista simple ]
| 000 -CABECERA | |
|---|---|
| Campo de control | 00826nam a22001937a 4500 |
| 005 - FECHA Y HORA DE LA ULTIMA TRANSACCION | |
| Campo de control | 20180803165632.0 |
| 008 - ELEMENTOS DE LONGITUD FIJA—INFORMACION GENERAL | |
| Campo de control | 150305b2011 -cn||||| |||| 00| 0 eng d |
| 020 ## - ISBN | |
| ISBN | 9292253638 |
| 040 ## - FUENTE DE CATALOGACIÓN | |
| Agencia catalogadora original | CO-BOIAvH |
| Agencia transcriptora | CO-BOIAvH |
| 041 ## - IDIOMA | |
| Código de idioma para texto/pista de sonido o título separado | Inglés |
| 082 04 - NUMERO DE CLASIFICACION DECIMAL DEWEY | |
| Número de clasificación | 333.9516 |
| Número del ítem | S44l |
| 111 ## - ASIENTO PRINCIPAL--NOMBRE DE REUNION | |
| Nombre de reunión o de jurisdicción como elemento de entrada | Tenth meeting by the conference of the parties to the convention on biological cdiversity |
| Lugar de la reunión | Nagoya, |
| Fecha de la reunión | 18-29 october, 2010 |
| Número de la parte/sección/reunión | 10 |
| 9 (RLIN) | 33350 |
| 245 ## - MENCION DE TITULO | |
| Título | Life in harmony, into the future: |
| Parte restante del título | Decisions adopted by the Conference of the Parties to the Secretariat of the Convention on Biological Diversity at its tenth meeting. |
| 260 ## - PUBLICACION, DISTRIBUCION, ETC. (PIE DE IMPRENTA) | |
| Lugar de publicación, distribución, etc. | Nagoya: |
| Nombre del editor, distribuidor, etc. | Secretariat of the Convention on Biological Diversity, |
| Fecha de publicación, distribución, etc. | 2011. |
| 300 ## - DESCRIPCION FISICA | |
| Extensión | 349 p. |
| Dimensiones | 21 cm. |
| 650 #4 - ASIENTO SECUNDARIO DE MATERIA - TERMINO TEMATICO | |
| Término temático o nombre geográfico como elemento de entrada | Biodiversidad |
| 9 (RLIN) | 92204 |
| 650 #4 - ASIENTO SECUNDARIO DE MATERIA - TERMINO TEMATICO | |
| Término temático o nombre geográfico como elemento de entrada | Protección de los recursos naturales |
| 9 (RLIN) | 33352 |
| 942 ## - ELEMENTOS ADICIONALES (KOHA) | |
| Sistema de clasificación | Dewey Decimal Classification |
| Tipo de ítem | Libro |
| Withdrawn status | Lost status | Sistema de Clasificación | Damaged status | No para préstamo | Colección | Inventariado | Ubicación Permanente | Ubicación actual | Fecha de adquisición | Fuente de Valor | Valor | Total Checkouts | Número topográfico | Inventario / Código de Barras | Date last seen | Ejemplar | Price effective from | Forma de adquisición | Tipo de material |
|---|---|---|---|---|---|---|---|---|---|---|---|---|---|---|---|---|---|---|---|
| Dewey Decimal Classification | General | Inventariado 2017 | Bogotá | Bogotá | 05/03/2015 | Instituto | 39000.00 | LB-333.9516 S44l | 038839 | 05/03/2015 | Ej. 1 | 05/03/2015 | Libro |